Statistics for Countries of the World Quiz

Click here to take the quiz!

General Stats

  • This quiz has been taken 18 times
  • The average score is 140 of 196

Answers on the Map

Answers color-coded by a green-red scale on the quiz's map according to % correct below.
 

Answer Stats

Country% Correct
United Kingdom
94%
Australia
88%
China
88%
Egypt
88%
France
88%
Germany
88%
Iceland
88%
India
88%
Iran
88%
Iraq
88%
Italy
88%
Japan
88%
New Zealand
88%
North Korea
88%
Pakistan
88%
Russia
88%
South Africa
88%
South Korea
88%
Ukraine
88%
Austria
82%
Belarus
82%
Belgium
82%
Brazil
82%
Canada
82%
Denmark
82%
Estonia
82%
Finland
82%
Greece
82%
Indonesia
82%
Ireland
82%
Kosovo
82%
Latvia
82%
Lithuania
82%
Madagascar
82%
Mexico
82%
Netherlands
82%
Norway
82%
Panama
82%
Papua New Guinea
82%
Portugal
82%
Saudi Arabia
82%
Spain
82%
Sweden
82%
Switzerland
82%
Turkey
82%
United States
82%
Albania
76%
Algeria
76%
Andorra
76%
Argentina
76%
Armenia
76%
Bangladesh
76%
Barbados
76%
Bosnia and
Herzegovina
76%
Cambodia
76%
Chile
76%
Costa Rica
76%
Croatia
76%
Cuba
76%
Czech Republic
76%
Democratic Republic
of the Congo
76%
Ghana
76%
Haiti
76%
Hungary
76%
Israel
76%
Jamaica
76%
Jordan
76%
Kazakhstan
76%
Kenya
76%
Kuwait
76%
Malta
76%
Mongolia
76%
Montenegro
76%
Myanmar
76%
Nepal
76%
Niger
76%
Nigeria
76%
North Macedonia
76%
Oman
76%
Peru
76%
Philippines
76%
Poland
76%
Qatar
76%
Romania
76%
San Marino
76%
Slovakia
76%
Slovenia
76%
South Sudan
76%
Sudan
76%
Uganda
76%
United Arab Emirates
76%
Vatican City
76%
Vietnam
76%
Zimbabwe
76%
Afghanistan
71%
Angola
71%
Azerbaijan
71%
Belize
71%
Bolivia
71%
Bulgaria
71%
Central African Republic
71%
Colombia
71%
Cyprus
71%
Dominica
71%
Ecuador
71%
Eritrea
71%
Ethiopia
71%
Fiji
71%
Georgia
71%
Kyrgyzstan
71%
Laos
71%
Lebanon
71%
Lesotho
71%
Libya
71%
Liechtenstein
71%
Luxembourg
71%
Mali
71%
Monaco
71%
Morocco
71%
Republic of the Congo
71%
Serbia
71%
Singapore
71%
Somalia
71%
Sri Lanka
71%
Taiwan
71%
Togo
71%
Tunisia
71%
Turkmenistan
71%
Venezuela
71%
Yemen
71%
Bahamas
65%
Bahrain
65%
Benin
65%
Bhutan
65%
Botswana
65%
Cameroon
65%
Chad
65%
Djibouti
65%
Dominican Republic
65%
Gambia
65%
Guinea
65%
Guyana
65%
Honduras
65%
Ivory Coast
65%
Malawi
65%
Malaysia
65%
Moldova
65%
Mozambique
65%
Paraguay
65%
Saint Lucia
65%
Senegal
65%
Seychelles
65%
Syria
65%
Tanzania
65%
Thailand
65%
Tuvalu
65%
Uruguay
65%
Uzbekistan
65%
Burundi
59%
El Salvador
59%
Gabon
59%
Guatemala
59%
Liberia
59%
Mauritania
59%
Mauritius
59%
Namibia
59%
Nicaragua
59%
Rwanda
59%
Saint Kitts and Nevis
59%
Samoa
59%
Sierra Leone
59%
Solomon Islands
59%
Tajikistan
59%
Tonga
59%
Zambia
59%
Antigua and Barbuda
53%
Burkina Faso
53%
Cape Verde
53%
Comoros
53%
East Timor
53%
Eswatini
53%
Federated States of
Micronesia
53%
Guinea-Bissau
53%
Kiribati
53%
Maldives
53%
Nauru
53%
Palau
53%
Saint Vincent and the
Grenadines
53%
São Tomé and Príncipe
53%
Suriname
53%
Trinidad and Tobago
53%
Brunei
47%
Equatorial Guinea
47%
Grenada
47%
Marshall Islands
41%
Vanuatu
41%

Score Distribution

Percentile by Number Answered

Percent of People with Each Score

Your Score History

You have not taken this quiz